000 00723nam a2200229 i 4500
001 146379
003 ES-MaACL
005 20250822162349.0
007 t|
008 070907s1959 sp ||||1| spa d
080 _a82-312-4"19"
100 1 _aTraver, Robert.
_9111245
245 1 0 _aAnatomía de un asesinato /
_cRobert Traver ; [versión española de Jacinto León y Domingo Manfredi].
260 _aBarcelona :
_bLuis de Caralt,
_c[1959]
300 _a439 p. ;
_c20 cm.
490 1 _aColección gigante
700 1 _aLeón, Jacinto.
_971575
700 1 _aManfredi Cano, Domingo,
_d1918-1998
_975997
830 0 _aColección gigante
_9181935
852 _aES-MaACL
_jC-17053
_bR.45308
999 _c146379
_d146379